[Event "Xtracon Skakligaen"]
[Site "Denmark"]
[Date "2015.11.01"]
[Round "2.4"]
[White "Larsen, Karsten"]
[Black "Christensen, Stefan"]
[Result "1/2-1/2"]
[WhiteElo "2252"]
[BlackElo "2266"]
[PlyCount "60"]
[EventDate "2015.10.31"]
[EventType "team-tourn"]
[EventRounds "9"]
[EventCountry "DEN"]
[WhiteTeam "Obro"]
[BlackTeam "Jetsmark"]
[WhiteTeamCountry "DEN"]
[BlackTeamCountry "DEN"]

1. d4 Nf6 2. Nf3 e6 3. e3 b6 4. Bd3 Bb7 5. Nbd2 d5 6. O-O Bd6 7. Ne5 O-O 8. f4
Ne4 9. Nxe4 dxe4 10. Be2 f5 11. b3 Nd7 12. Bb2 Nxe5 13. fxe5 Be7 14. Bc4 Bd5
15. Ba6 c5 16. Qe1 cxd4 17. Bxd4 Qc7 18. c4 Bb7 19. Bxb7 Qxb7 20. Rd1 Rfd8 21.
Qe2 Bg5 22. Bc3 Qc7 23. Bd4 Qe7 24. g3 Rac8 25. Rd2 g6 26. Rfd1 Bh6 27. Bb2
Rxd2 28. Qxd2 Qc5 29. Bd4 Qc7 30. Bb2 Qc5 1/2-1/2

[Event "Xtracon Skakligaen"]
[Site "Denmark"]
[Date "2015.11.01"]
[Round "2.5"]
[White "Rosenkilde, Alexander"]
[Black "Hansen, Soren Bech"]
[Result "1/2-1/2"]
[WhiteElo "2197"]
[BlackElo "2263"]
[PlyCount "81"]
[EventDate "2015.10.31"]
[EventType "team-tourn"]
[EventRounds "9"]
[EventCountry "DEN"]
[WhiteTeam "Jetsmark"]
[BlackTeam "Obro"]
[WhiteTeamCountry "DEN"]
[BlackTeamCountry "DEN"]

1. d4 Nf6 2. c4 e6 3. g3 Bb4+ 4. Bd2 a5 5. Bg2 d6 6. Nf3 Nbd7 7. Nc3 O-O 8. O-O
Re8 9. a3 Bxc3 10. Bxc3 a4 11. e3 Ne4 12. Be1 Nb6 13. Qc2 f5 14. Nd2 Nxd2 15.
Bxd2 d5 16. c5 Nc4 17. Rfc1 Bd7 18. Bf1 Bb5 19. Bc3 Qd7 20. Bd3 Rf8 21. Re1 Rf7
22. f3 Raf8 23. Bb4 Re8 24. Rad1 g6 25. Bc3 Ref8 26. Qe2 Ba6 27. Bb4 Qc6 28.
Bc3 Rf6 29. Rf1 Qd7 30. Rde1 g5 31. h3 h5 32. f4 g4 33. hxg4 hxg4 34. Kg2 Rh6
35. Rh1 Rff6 36. Rh4 Rxh4 37. gxh4 Rh6 38. Rh1 Rh5 39. Kg3 Bb5 40. Rh2 Rh7 41.
Bb4 1/2-1/2

[Event "Xtracon Skakligaen"]
[Site "Denmark"]
[Date "2015.11.01"]
[Round "2.6"]
[White "Skousen, Nikolai"]
[Black "Rathlev, Jakob"]
[Result "1/2-1/2"]
[WhiteElo "2225"]
[BlackElo "2240"]
[PlyCount "26"]
[EventDate "2015.10.31"]
[EventType "team-tourn"]
[EventRounds "9"]
[EventCountry "DEN"]
[WhiteTeam "Obro"]
[BlackTeam "Jetsmark"]
[WhiteTeamCountry "DEN"]
[BlackTeamCountry "DEN"]

1. Nf3 d5 2. g3 Nf6 3. Bg2 c6 4. O-O Bg4 5. h3 Bh5 6. d3 Nbd7 7. Nbd2 e6 8. b3
Be7 9. Bb2 O-O 10. e4 a5 11. a4 Qb6 12. Qe2 Rad8 13. Kh1 Qa6 1/2-1/2

[Event "Xtracon Skakligaen"]
[Site "Denmark"]
[Date "2015.11.01"]
[Round "2.8"]
[White "Kaaber Hansen, Jacob"]
[Black "Nielsen, Tommy"]
[Result "1/2-1/2"]
[WhiteElo "2229"]
[BlackElo "2122"]
[PlyCount "106"]
[EventDate "2015.10.31"]
[EventType "team-tourn"]
[EventRounds "9"]
[EventCountry "DEN"]
[WhiteTeam "Obro"]
[BlackTeam "Jetsmark"]
[WhiteTeamCountry "DEN"]
[BlackTeamCountry "DEN"]

1. d4 Nf6 2. Nf3 g6 3. c4 Bg7 4. Nc3 d5 5. Bg5 Ne4 6. cxd5 Nxg5 7. Nxg5 e6 8.
Qa4+ Kf8 9. Nf3 exd5 10. e3 c6 11. Be2 Nd7 12. O-O Nf6 13. Rac1 Bf5 14. Ne5 Ne8
15. b4 a6 16. Qb3 Qe7 17. Nd3 h5 18. Rfe1 h4 19. a4 g5 20. b5 axb5 21. axb5 g4
22. Ra1 Rxa1 23. Rxa1 g3 24. Qb4 Bxd3 25. Qxe7+ Kxe7 26. Bxd3 gxf2+ 27. Kxf2
Kd6 28. bxc6 bxc6 29. Ra7 Nc7 30. Na4 Ra8 31. Rxa8 Nxa8 32. Kf3 Nc7 33. Bf5 Ne6
34. Bg4 Ng5+ 35. Ke2 Ne4 36. Bf5 Ng5 37. Nc5 Ne6 38. Nd3 Bf6 39. Nf2 c5 40.
dxc5+ Kxc5 41. Ng4 Bg5 42. Ne5 Nd8 43. Kd3 Kd6 44. Nf3 Bf6 45. e4 Nc6 46. exd5
Ne5+ 47. Ke4 Nxf3 48. gxf3 Be5 49. f4 Bc3 50. Bh7 f6 51. Bg8 Be1 52. Kf5 Bc3
53. h3 Bd4 1/2-1/2

[Event "Xtracon Skakligaen"]
[Site "Denmark"]
[Date "2015.11.01"]
[Round "2.1"]
[White "Teplyi, Igor"]
[Black "Hillarp Persson, Tiger"]
[Result "1/2-1/2"]
[WhiteElo "2422"]
[BlackElo "2546"]
[PlyCount "79"]
[EventDate "2015.10.31"]
[EventType "team-tourn"]
[EventRounds "9"]
[EventCountry "DEN"]
[WhiteTeam "Nordre"]
[BlackTeam "Bronshoj"]
[WhiteTeamCountry "DEN"]
[BlackTeamCountry "DEN"]

1. d4 Nf6 2. c4 e6 3. Nf3 c5 4. e3 a6 5. Nc3 d5 6. a3 dxc4 7. Bxc4 b5 8. Ba2
Bb7 9. O-O Nbd7 10. Qe2 Qc7 11. Rd1 Bd6 12. dxc5 Nxc5 13. Bd2 Rc8 14. h3 O-O
15. Nd4 Qe7 16. Be1 Bb8 17. f3 Qc7 18. Kf1 Qh2 19. Qf2 Ncd7 20. Rac1 Nb6 21.
Nce2 Nfd5 22. Bd2 Nc4 23. Bxc4 bxc4 24. e4 Nf6 25. Qh4 Nxe4 26. fxe4 f5 27. Be3
fxe4+ 28. Ke1 Qxg2 29. Qg4 Qxg4 30. hxg4 Bd5 31. Kd2 Be5 32. Rf1 Rf3 33. Nxf3
exf3 34. Nd4 Rb8 35. b4 cxb3 36. Nxf3 Bd6 37. Ba7 Bf4+ 38. Be3 Bd6 39. Ba7 Bf4+
40. Be3 1/2-1/2

[Event "Xtracon Skakligaen"]
[Site "Denmark"]
[Date "2015.11.01"]
[Round "2.2"]
[White "Bromann, Thorbjorn"]
[Black "Baekgaard, Martin"]
[Result "1-0"]
[WhiteElo "2453"]
[BlackElo "2333"]
[PlyCount "63"]
[EventDate "2015.10.31"]
[EventType "team-tourn"]
[EventRounds "9"]
[EventCountry "DEN"]
[WhiteTeam "Bronshoj"]
[BlackTeam "Nordre"]
[WhiteTeamCountry "DEN"]
[BlackTeamCountry "DEN"]

1. b3 d5 2. Bb2 Bg4 3. h3 Bh5 4. Nf3 Nd7 5. g3 Ngf6 6. Bg2 e6 7. O-O Bd6 8. d3
O-O 9. Nbd2 c6 10. c4 Qe7 11. a3 a5 12. Qc2 Rfd8 13. e4 dxe4 14. dxe4 e5 15.
Nh4 Bc7 16. Nf5 Qf8 17. Bc3 Nc5 18. b4 Nd3 19. c5 b6 20. cxb6 Bxb6 21. Nc4 axb4
22. Nxb6 Rab8 23. axb4 Rxb6 24. g4 Bg6 25. Rfd1 Nxb4 26. Rxd8 Qxd8 27. Qd2 Qb8
28. Ne7+ Kf8 29. Bxb4 Rxb4 30. Nxc6 Rb2 31. Qc3 Qb7 32. Ra7 1-0

[Event "Xtracon Skakligaen"]
[Site "Denmark"]
[Date "2015.11.01"]
[Round "2.3"]
[White "Petersen, Tom Petri"]
[Black "Aabling Thomsen, Jakob"]
[Result "1-0"]
[WhiteElo "2349"]
[BlackElo "2341"]
[PlyCount "197"]
[EventDate "2015.10.31"]
[EventType "team-tourn"]
[EventRounds "9"]
[EventCountry "DEN"]
[WhiteTeam "Nordre"]
[BlackTeam "Bronshoj"]
[WhiteTeamCountry "DEN"]
[BlackTeamCountry "DEN"]

1. c4 e5 2. Nc3 Nf6 3. g3 c6 4. d4 exd4 5. Qxd4 Na6 6. Bg5 Be7 7. Bg2 O-O 8.
Nf3 h6 9. Bf4 d5 10. cxd5 Nb4 11. O-O Nfxd5 12. Nxd5 Nxd5 13. Be5 f6 14. Bf4
Nxf4 15. Qxf4 Qd6 16. Qe3 Qe6 17. Qc3 Rd8 18. a3 Qd6 19. Nh4 f5 20. Qc2 Qf6 21.
e4 f4 22. e5 Qf7 23. Ng6 Bg5 24. h4 f3 25. hxg5 fxg2 26. Kxg2 Re8 27. Nh4 hxg5
28. Nf3 Bf5 29. Qe2 g4 30. Nh4 Qd5+ 31. Kg1 Bd3 32. Qxg4 Bxf1 33. Rxf1 Qxe5 34.
Ng6 Qd5 35. Rd1 Qe4 36. Qh5 Qe6 37. Rd4 Qe2 38. Qh8+ Kf7 39. Rd7+ Re7 40. Rxe7+
Qxe7 41. Qxa8 Kxg6 42. Qxa7 Qe1+ 43. Kh2 Qe5 44. Qb6 Qh5+ 45. Kg2 Qd5+ 46. f3
Qd2+ 47. Qf2 Qd3 48. g4 Kf7 49. Kg3 g5 50. Qc5 Kg6 51. Qe5 Qd2 52. Qe6+ Kg7 53.
Qe7+ Kg6 54. Qb4 Qd7 55. Qf8 Qe6 56. Kf2 Qe5 57. Qg8+ Kh6 58. Qf8+ Kg6 59. Qb4
Kh6 60. Qc3 Qh2+ 61. Kf1 Qf4 62. Kg2 Qf8 63. Qe5 Kg6 64. Qe6+ Kg7 65. Qd7+ Kg6
66. Qxb7 Qd6 67. Qb4 c5 68. Qc3 Qd5 69. Qe3 Kf7 70. Qe2 c4 71. Qc2 Kg7 72. a4
Kh6 73. Qc3 Kg6 74. a5 Qb5 75. Qd2 Kf7 76. a6 Qxa6 77. Qxg5 Qa4 78. Qf5+ Kg8
79. Qd5+ Kf8 80. Qd2 Qb5 81. Qh6+ Ke7 82. Qg7+ Kd8 83. Qf6+ Kc7 84. g5 Qd5 85.
g6 Qd2+ 86. Kg3 Qe1+ 87. Kg4 Qg1+ 88. Kh5 Qh2+ 89. Kg5 Qg2+ 90. Kh6 Qh2+ 91.
Kg7 Qd2 92. f4 Kb7 93. f5 Ka8 94. Qc6+ Ka7 95. Qc5+ Kb7 96. Qb5+ Ka8 97. f6 Qd4
98. Qa5+ Kb7 99. Qc3 1-0

[Event "Xtracon Skakligaen"]
[Site "Denmark"]
[Date "2015.11.01"]
[Round "2.4"]
[White "Hoi, Carsten"]
[Black "Sloth, Jorn"]
[Result "1-0"]
[WhiteElo "2377"]
[BlackElo "2311"]
[PlyCount "123"]
[EventDate "2015.10.31"]
[EventType "team-tourn"]
[EventRounds "9"]
[EventCountry "DEN"]
[WhiteTeam "Bronshoj"]
[BlackTeam "Nordre"]
[WhiteTeamCountry "DEN"]
[BlackTeamCountry "DEN"]

1. d4 e6 2. c4 Bb4+ 3. Nc3 Nf6 4. e3 O-O 5. Bd3 d5 6. Nge2 b6 7. a3 Be7 8. cxd5
exd5 9. Nf4 c6 10. b4 b5 11. O-O a5 12. bxa5 Rxa5 13. Qb3 Qc7 14. Bd2 Qa7 15.
a4 Bd6 16. Nxb5 cxb5 17. Bxa5 Qxa5 18. axb5 Qb6 19. Nxd5 Nxd5 20. Qxd5 Bb7 21.
Qh5 g6 22. Qh3 Bc8 23. Qf3 Bb7 24. Qh3 Bc8 25. Qh4 Nd7 26. Rfc1 Bb7 27. Be4
Bxe4 28. Qxe4 Qxb5 29. Qc6 Qxc6 30. Rxc6 Bb8 31. Kf1 Rd8 32. Rac1 Kf8 33. Rc8
Ke7 34. h3 h5 35. Ke2 Bd6 36. Rxd8 Kxd8 37. Kd3 Ke7 38. Ra1 f6 39. Ra7 Bb8 40.
Ra8 h4 41. e4 g5 42. Ke3 Bc7 43. Kf3 Bb6 44. Ra4 Kd6 45. Kg4 Kc6 46. Rb4 Ba5
47. Rc4+ Kb5 48. Rc2 Bb6 49. d5 Bd4 50. Kf5 Nc5 51. g3 g4 52. Kxg4 Nxe4 53.
gxh4 Nc3 54. Kf5 Nxd5 55. h5 Ne7+ 56. Ke6 Nc6 57. Kd5 Nb4+ 58. Kxd4 Nxc2+ 59.
Ke4 f5+ 60. Ke5 Ne1 61. h6 Nf3+ 62. Kf6 1-0

[Event "Xtracon Skakligaen"]
[Site "Denmark"]
[Date "2015.11.01"]
[Round "2.5"]
[White "Klitgaard, Thomas"]
[Black "Carstensen, Jacob"]
[Result "1/2-1/2"]
[WhiteElo "2230"]
[BlackElo "2352"]
[PlyCount "41"]
[EventDate "2015.10.31"]
[EventType "team-tourn"]
[EventRounds "9"]
[EventCountry "DEN"]
[WhiteTeam "Nordre"]
[BlackTeam "Bronshoj"]
[WhiteTeamCountry "DEN"]
[BlackTeamCountry "DEN"]

1. d4 Nf6 2. c4 e6 3. Nc3 Bb4 4. e3 c5 5. Nge2 cxd4 6. exd4 d5 7. a3 Bxc3+ 8.
Nxc3 dxc4 9. Bxc4 Nc6 10. Be3 O-O 11. O-O b6 12. Qd3 Bb7 13. Rfd1 h6 14. Bf4
Ne7 15. Qh3 Ned5 16. Bxh6 gxh6 17. Qxh6 Ng4 18. Qh5 Ngf6 19. Qh6 Ng4 20. Qh5
Ngf6 21. Qh6 1/2-1/2

[Event "Xtracon Skakligaen"]
[Site "Denmark"]
[Date "2015.11.01"]
[Round "2.6"]
[White "Palm, Nikolaj"]
[Black "Hoiberg, Nina"]
[Result "1-0"]
[WhiteElo "2347"]
[BlackElo "2213"]
[PlyCount "55"]
[EventDate "2015.10.31"]
[EventType "team-tourn"]
[EventRounds "9"]
[EventCountry "DEN"]
[WhiteTeam "Bronshoj"]
[BlackTeam "Nordre"]
[WhiteTeamCountry "DEN"]
[BlackTeamCountry "DEN"]

1. d4 d6 2. Nf3 Nf6 3. e3 Nbd7 4. b3 e5 5. Bb2 exd4 6. Nxd4 g6 7. c4 Bg7 8. Nc3
O-O 9. g3 Nc5 10. Bg2 Re8 11. O-O Bg4 12. Qc2 Qc8 13. Rfe1 c6 14. f3 Bh3 15.
Bh1 h5 16. Rad1 Bh6 17. Qf2 h4 18. Nc2 Qe6 19. Ne2 g5 20. Ned4 Qc8 21. e4 Bg7
22. Ne3 Nh5 23. Ndf5 hxg3 24. hxg3 Re6 25. g4 Nf4 26. Bxg7 Ncd3 27. Rxd3 Nxd3
28. Qh2 1-0

[Event "Xtracon Skakligaen"]
[Site "Denmark"]
[Date "2015.11.01"]
[Round "2.7"]
[White "Christensen, Jan Schleicher"]
[Black "Greger, Roland Reinhard"]
[Result "1/2-1/2"]
[WhiteElo "2190"]
[BlackElo "2320"]
[PlyCount "55"]
[EventDate "2015.10.31"]
[EventType "team-tourn"]
[EventRounds "9"]
[EventCountry "DEN"]
[WhiteTeam "Nordre"]
[BlackTeam "Bronshoj"]
[WhiteTeamCountry "DEN"]
[BlackTeamCountry "DEN"]

1. d4 Nf6 2. Nf3 d6 3. Nc3 g6 4. e4 Bg7 5. Bf4 c6 6. Qd2 Qa5 7. O-O-O O-O 8.
Kb1 Nbd7 9. Bd3 e5 10. Bh6 b5 11. Bxg7 Kxg7 12. h4 exd4 13. Nxd4 b4 14. Nce2 c5
15. h5 cxd4 16. hxg6 fxg6 17. Qh6+ Kf7 18. Bc4+ Ke8 19. Nxd4 Ne5 20. Bb3 Bd7
21. f4 Neg4 22. Qg7 Nh5 23. Qxh7 Nxf4 24. g3 Nf6 25. Qh6 Ng4 26. Qh7 Nf6 27.
Qh6 Ng4 28. Qh7 1/2-1/2

[Event "Xtracon Skakligaen"]
[Site "Denmark"]
[Date "2015.11.01"]
[Round "2.8"]
[White "Laursen, Niels Norskov"]
[Black "Olsen, Filip Boe"]
[Result "1/2-1/2"]
[WhiteElo "2316"]
[BlackElo "2245"]
[PlyCount "128"]
[EventDate "2015.10.31"]
[EventType "team-tourn"]
[EventRounds "9"]
[EventCountry "DEN"]
[WhiteTeam "Bronshoj"]
[BlackTeam "Nordre"]
[WhiteTeamCountry "DEN"]
[BlackTeamCountry "DEN"]

1. e4 c6 2. d4 d5 3. e5 Bf5 4. Nd2 e6 5. Nb3 Nd7 6. Nf3 Ne7 7. Be2 Nc8 8. O-O
Be7 9. a4 O-O 10. a5 c5 11. c4 Be4 12. Be3 cxd4 13. Bxd4 f6 14. cxd5 Bxd5 15.
Qc2 fxe5 16. Nxe5 Bd6 17. Nxd7 Qxd7 18. Bd3 h6 19. Nc5 Qc7 20. h3 Ne7 21. Ne4
Qxc2 22. Bxc2 Bb4 23. Rfd1 Nc6 24. Bc3 Rf4 25. f3 Be7 26. Ra4 Rc8 27. Bd2 Rff8
28. Nc3 Kh8 29. Nxd5 exd5 30. Bb3 d4 31. Bd5 Bf6 32. Rc4 Rfd8 33. Be4 Ne5 34.
Rb4 Nc4 35. Rxb7 d3 36. Bc3 Bxc3 37. bxc3 d2 38. Kf2 Nxa5 39. Rxa7 Nb3 40. Bc2
Rxc3 41. Bxb3 Rxb3 42. Ra2 Rbd3 43. Ke2 R3d7 44. Raxd2 Re7+ 45. Kf2 Rxd2+ 46.
Rxd2 Kh7 47. Rd5 Rf7 48. h4 Ra7 49. h5 Kg8 50. Rf5 Ra2+ 51. Kg3 Ra4 52. Kh3 Rb4
53. g4 Ra4 54. Kg3 Rb4 55. Rf4 Rb5 56. Rc4 Rb7 57. f4 Rb3+ 58. Kh4 Ra3 59. g5
hxg5+ 60. fxg5 Kh7 61. Kg4 Ra1 62. Re4 Rg1+ 63. Kf5 Rf1+ 64. Rf4 Rh1 1/2-1/2

[Event "Xtracon Skakligaen"]
[Site "Denmark"]
[Date "2015.12.06"]
[Round "3.1"]
[White "Semcesen, Daniel"]
[Black "Jahncke, Giso"]
[Result "1-0"]
[WhiteElo "2436"]
[BlackElo "2285"]
[PlyCount "75"]
[EventDate "2015.10.31"]
[EventType "team-tourn"]
[EventRounds "9"]
[EventCountry "DEN"]
[WhiteTeam "Skanderborg"]
[BlackTeam "Bov"]
[WhiteTeamCountry "DEN"]
[BlackTeamCountry "DEN"]

1. d4 d5 2. c4 c6 3. Nf3 Nf6 4. Qb3 dxc4 5. Qxc4 Bg4 6. Nbd2 e6 7. g3 Be7 8.
Bg2 O-O 9. O-O Nbd7 10. Qb3 Nb6 11. Qc2 a5 12. Re1 Bh5 13. a3 a4 14. e4 Nfd7
15. Nc4 c5 16. Nxb6 Qxb6 17. Ne5 Nxe5 18. dxe5 Qc7 19. h3 c4 20. f4 f6 21. exf6
gxf6 22. g4 Bf7 23. Be3 e5 24. Qf2 Rac8 25. f5 Bc5 26. h4 Kh8 27. Kh2 Rg8 28.
Bf3 Bd4 29. Kh3 Qb6 30. Bxd4 exd4 31. e5 fxe5 32. Rxe5 c3 33. bxc3 Rxc3 34. Kg2
Qd6 35. Rd5 Rxg4+ 36. Kf1 Bxd5 37. Bxg4 Bc4+ 38. Ke1 1-0

[Event "Xtracon Skakligaen"]
[Site "Denmark"]
[Date "2015.12.06"]
[Round "3.2"]
[White "Schwarz, Frank"]
[Black "Pedersen, Nicolai Vesterbaek"]
[Result "0-1"]
[WhiteElo "2258"]
[BlackElo "2403"]
[PlyCount "72"]
[EventDate "2015.10.31"]
[EventType "team-tourn"]
[EventRounds "9"]
[EventCountry "DEN"]
[WhiteTeam "Bov"]
[BlackTeam "Skanderborg"]
[WhiteTeamCountry "DEN"]
[BlackTeamCountry "DEN"]

1. d4 Nf6 2. Nf3 e6 3. e3 c5 4. Bd3 Nc6 5. c3 d5 6. Nbd2 Qc7 7. O-O Bd7 8. a3
e5 9. e4 exd4 10. cxd4 cxd4 11. Re1 O-O-O 12. b4 Bg4 13. Bb2 Kb8 14. Rc1 dxe4
15. Bxe4 Nxe4 16. Rxe4 f5 17. Rxd4 Bd6 18. b5 Nxd4 19. Rxc7 Bxc7 20. Bxd4 Rxd4
21. Qb3 Rd7 22. Nc4 Rhd8 23. Kf1 Bxh2 24. Ne3 Bc7 25. Ne1 Bd1 26. Qb4 f4 27.
Nc4 Bh5 28. f3 Bf7 29. Nb2 Bg6 30. a4 Bd6 31. Qb3 Bc5 32. Qc3 Bd4 33. Qb4 Bxb2
34. Qxb2 Rd1 35. Qe5+ Ka8 36. Qe2 Bd3 0-1

[Event "Xtracon Skakligaen"]
[Site "Denmark"]
[Date "2015.12.06"]
[Round "3.3"]
[White "Pedersen, Steffen"]
[Black "Reinecker, Kai"]
[Result "1/2-1/2"]
[WhiteElo "2406"]
[BlackElo "2246"]
[PlyCount "35"]
[EventDate "2015.10.31"]
[EventType "team-tourn"]
[EventRounds "9"]
[EventCountry "DEN"]
[WhiteTeam "Skanderborg"]
[BlackTeam "Bov"]
[WhiteTeamCountry "DEN"]
[BlackTeamCountry "DEN"]

1. d4 Nf6 2. c4 e6 3. Nc3 Bb4 4. e3 c5 5. Nge2 cxd4 6. exd4 d5 7. a3 Be7 8. Nf4
O-O 9. cxd5 Nxd5 10. Nfxd5 exd5 11. Qb3 Nc6 12. Be3 Bf6 13. Rd1 Ne7 14. Be2 b6
15. O-O Be6 16. Bf3 Qd7 17. Rfe1 Rfd8 18. Bf4 1/2-1/2

[Event "Xtracon Skakligaen"]
[Site "Denmark"]
[Date "2015.12.06"]
[Round "3.4"]
[White "Kevorkov, Artur"]
[Black "Hansen, Mads"]
[Result "0-1"]
[WhiteElo "2228"]
[BlackElo "2310"]
[PlyCount "118"]
[EventDate "2015.10.31"]
[EventType "team-tourn"]
[EventRounds "9"]
[EventCountry "DEN"]
[WhiteTeam "Bov"]
[BlackTeam "Skanderborg"]
[WhiteTeamCountry "DEN"]
[BlackTeamCountry "DEN"]

1. e4 e5 2. Nf3 Nc6 3. Bb5 f5 4. Nc3 fxe4 5. Nxe4 d5 6. Nxe5 dxe4 7. Qh5+ g6 8.
Nxg6 hxg6 9. Qxh8 Be6 10. Qe5 Qd6 11. Qxe4 O-O-O 12. Bxc6 bxc6 13. d3 Bf5 14.
Qa4 Bg7 15. O-O Be5 16. g3 Nf6 17. Bf4 Bxf4 18. Qxf4 Qxf4 19. gxf4 Nd5 20. Rfe1
Rh8 21. a3 Rh4 22. Re3 Rxf4 23. Rg3 c5 24. Re1 c4 25. dxc4 Rxc4 26. c3 Kb7 27.
Rd1 Nf4 28. Re3 Nh3+ 29. Kf1 Rh4 30. Rd4 Nf4 31. Rg3 c5 32. Rc4 Be6 33. Rxc5
Rxh2 34. Kg1 Rh4 35. Re5 Bc4 36. Rge3 Rg4+ 37. Kh1 Bd5+ 38. f3 Rg3 39. Kh2 Rg2+
40. Kh1 Rf2 41. Rxd5 Nxd5 42. Re6 Rxb2 43. Rxg6 Nxc3 44. f4 Rf2 45. Rf6 Ne2 46.
f5 Rxf5 47. Rxf5 Ng3+ 48. Kg2 Nxf5 49. Kf3 Kc6 50. Ke4 Nd6+ 51. Kd3 Kb5 52. Kc3
Ka4 53. Kb2 a5 54. Ka2 Nc4 55. Ka1 Kxa3 56. Kb1 a4 57. Ka1 Kb3 58. Kb1 a3 59.
Ka1 Ne3 0-1

[Event "Xtracon Skakligaen"]
[Site "Denmark"]
[Date "2015.12.06"]
[Round "3.5"]
[White "Andersen, Jackie"]
[Black "Hertel, Peter"]
[Result "1-0"]
[WhiteElo "2343"]
[BlackElo "2203"]
[PlyCount "83"]
[EventDate "2015.10.31"]
[EventType "team-tourn"]
[EventRounds "9"]
[EventCountry "DEN"]
[WhiteTeam "Skanderborg"]
[BlackTeam "Bov"]
[WhiteTeamCountry "DEN"]
[BlackTeamCountry "DEN"]

1. d4 d5 2. Nf3 Nf6 3. c4 c6 4. Nc3 e6 5. Qb3 Nbd7 6. Bg5 Be7 7. e3 O-O 8. Rc1
h6 9. Bh4 Re8 10. a3 b6 11. Be2 Bb7 12. O-O Ne4 13. cxd5 exd5 14. Bxe7 Qxe7 15.
Qa4 a6 16. Qb3 Qd6 17. Rfd1 Nxc3 18. Rxc3 b5 19. Ne1 Nb6 20. Nd3 Nc4 21. Qa2
Bc8 22. b3 Nxa3 23. Rc5 b4 24. Nxb4 Nb5 25. Nxc6 Be6 26. Rdc1 Kh8 27. Qa5 Bd7
28. Ne5 Be6 29. Rc6 Qd8 30. Qxd8 Rexd8 31. f3 Kg8 32. Kf2 Rdc8 33. Rxc8+ Rxc8
34. Rxc8+ Bxc8 35. Bxb5 axb5 36. Ke2 Kf8 37. Kd2 Ke7 38. Kc3 f6 39. Ng6+ Kd6
40. Kb4 Bd7 41. Nf4 g5 42. Ne2 1-0

[Event "Xtracon Skakligaen"]
[Site "Denmark"]
[Date "2015.12.06"]
[Round "3.6"]
[White "Schutte, Andreas"]
[Black "Boe, Mads"]
[Result "0-1"]
[WhiteElo "2182"]
[BlackElo "2330"]
[PlyCount "90"]
[EventDate "2015.10.31"]
[EventType "team-tourn"]
[EventRounds "9"]
[EventCountry "DEN"]
[WhiteTeam "Bov"]
[BlackTeam "Skanderborg"]
[WhiteTeamCountry "DEN"]
[BlackTeamCountry "DEN"]

1. e4 d6 2. d4 Nf6 3. Nc3 e5 4. dxe5 dxe5 5. Qxd8+ Kxd8 6. Bg5 Bd6 7. O-O-O
Nbd7 8. Bc4 Ke8 9. f3 h6 10. Be3 Ke7 11. Nge2 Bc5 12. Bxc5+ Nxc5 13. Nd5+ Nxd5
14. Rxd5 Nd7 15. Rhd1 c6 16. R5d2 a5 17. Bxf7 Kxf7 18. Rxd7+ Bxd7 19. Rxd7+ Kf6
20. Rxb7 Rhb8 21. Rc7 Rc8 22. Rxc8 Rxc8 23. Nc3 g5 24. Kd2 g4 25. fxg4 Rg8 26.
Ke3 Rxg4 27. g3 h5 28. Nd1 Rg8 29. Nf2 Ke6 30. Nd3 Kd6 31. Ne1 c5 32. Nf3 c4
33. Nh4 Kc5 34. Nf5 c3 35. bxc3 Rb8 36. a4 Rb1 37. Ng7 Ra1 38. Nxh5 Rxa4 39. g4
Kd6 40. g5 Rc4 41. Kd3 Rc8 42. c4 a4 43. Kc3 Rb8 44. Nf6 a3 45. c5+ Ke6 0-1

[Event "Xtracon Skakligaen"]
[Site "Denmark"]
[Date "2015.12.06"]
[Round "3.7"]
[White "Pedersen, Jan Rode"]
[Black "Klawitter, Harald"]
[Result "1-0"]
[WhiteElo "2206"]
[BlackElo "2120"]
[PlyCount "127"]
[EventDate "2015.10.31"]
[EventType "team-tourn"]
[EventRounds "9"]
[EventCountry "DEN"]
[WhiteTeam "Skanderborg"]
[BlackTeam "Bov"]
[WhiteTeamCountry "DEN"]
[BlackTeamCountry "DEN"]

1. e4 e6 2. d4 d5 3. Nd2 Nf6 4. e5 Nfd7 5. Ngf3 b6 6. c3 Be7 7. Bd3 Ba6 8. Bxa6
Nxa6 9. Qe2 Nab8 10. O-O Qc8 11. Nb3 Qa6 12. Qc2 h6 13. Bf4 c5 14. Nbd2 Nc6 15.
Nb3 Rc8 16. Rfe1 cxd4 17. Nbxd4 Nb4 18. Qd2 Nd3 19. Red1 Nxf4 20. Qxf4 Nc5 21.
Qg4 O-O 22. h3 Kh8 23. Ne1 g6 24. Nec2 Nd3 25. Qe2 Nc5 26. Qe3 Kg7 27. Nb4 Qb7
28. Qe2 Rfd8 29. Nd3 Nxd3 30. Rxd3 a6 31. Qg4 Qd7 32. h4 h5 33. Qf4 Rf8 34. Re1
Bc5 35. Ne2 b5 36. Ng3 Rh8 37. Ne4 Be7 38. Nf6 Qd8 39. Rf3 Bxf6 40. exf6+ Kf8
41. b3 Qc7 42. Qb4+ Qc5 43. Qa5 Ke8 44. Qxa6 Kd7 45. a4 bxa4 46. Qxa4+ Qc6 47.
Qa3 Qc5 48. b4 Qb5 49. Rf4 Rc7 50. c4 dxc4 51. Rd4+ Kc8 52. Rc1 Kb7 53. Qf3+
Kb6 54. Rd6+ Rc6 55. Qe3+ Kc7 56. Rxc6+ Kxc6 57. Qe4+ Qd5 58. Rxc4+ Kb6 59.
Qe3+ Kb7 60. Rc5 Qd1+ 61. Kh2 Qd6+ 62. g3 Ra8 63. Qf3+ Kb8 64. Rb5+ 1-0

[Event "Xtracon Skakligaen"]
[Site "Denmark"]
[Date "2015.12.06"]
[Round "3.1"]
[White "Jensen, Bjarke"]
[Black "Teplyi, Igor"]
[Result "1/2-1/2"]
[WhiteElo "2366"]
[BlackElo "2422"]
[PlyCount "57"]
[EventDate "2015.10.31"]
[EventType "team-tourn"]
[EventRounds "9"]
[EventCountry "DEN"]
[WhiteTeam "Jetsmark"]
[BlackTeam "Nordre"]
[WhiteTeamCountry "DEN"]
[BlackTeamCountry "DEN"]

1. e4 c5 2. Nf3 d6 3. d4 cxd4 4. Nxd4 Nf6 5. Nc3 a6 6. Be3 e5 7. Nb3 Be6 8. f3
h5 9. Qd2 Nbd7 10. Nd5 Bxd5 11. exd5 g6 12. Be2 Bg7 13. Na5 Qc7 14. c4 e4 15.
O-O exf3 16. gxf3 O-O 17. b4 Rae8 18. Rad1 Kh7 19. Rf2 Qc8 20. Bf4 Ne5 21. c5
dxc5 22. bxc5 Qxc5 23. Nxb7 Qb6 24. Na5 Nfd7 25. Kg2 Rc8 26. h3 Rfe8 27. Be3
Nc5 28. Rc1 Ned7 29. Nc4 1/2-1/2

[Event "Xtracon Skakligaen"]
[Site "Denmark"]
[Date "2015.12.06"]
[Round "3.2"]
[White "Baekgaard, Martin"]
[Black "Thybo, Jesper Sondergaard"]
[Result "1-0"]
[WhiteElo "2333"]
[BlackElo "2289"]
[PlyCount "101"]
[EventDate "2015.10.31"]
[EventType "team-tourn"]
[EventRounds "9"]
[EventCountry "DEN"]
[WhiteTeam "Nordre"]
[BlackTeam "Jetsmark"]
[WhiteTeamCountry "DEN"]
[BlackTeamCountry "DEN"]

1. d4 Nf6 2. c4 c5 3. d5 b5 4. cxb5 a6 5. bxa6 g6 6. Nc3 Bg7 7. Nf3 O-O 8. e4
Qa5 9. Nd2 Bxa6 10. Be2 Bxe2 11. Qxe2 Qa6 12. Nc4 e6 13. O-O exd5 14. exd5 d6
15. Bf4 Re8 16. Qd3 Nbd7 17. Rad1 Reb8 18. b3 Rb4 19. Qf3 Nh5 20. Bd2 f5 21.
Rfe1 Ne5 22. Nxe5 Bxe5 23. Na4 Rbb8 24. Bc3 Bxc3 25. Qxc3 Re8 26. g3 Kf7 27.
Re6 Rxe6 28. dxe6+ Kxe6 29. Qe3+ Kf7 30. Re1 Rf8 31. Qe6+ Kg7 32. Nxc5 Qa5 33.
Nb7 Qxa2 34. Nxd6 Nf6 35. Qe7+ Kg8 36. Qe6+ Kg7 37. Re2 Qa8 38. b4 Qf3 39. Qe7+
Kg8 40. Qe6+ Kg7 41. Qa2 Nd5 42. Ne8+ Kh6 43. Qd2+ f4 44. Qb2 Nc3 45. Re1 Kg5
46. Qd2 Rf5 47. Qd8+ Kh6 48. Nd6 Rd5 49. Qh4+ Qh5 50. Qxf4+ Kg7 51. Re7+ 1-0